000 02435nam0a2200373 4500
001 RU\NLR\BIBL_A\011386465
005 20170531124237.0
010 _a978-5-98209-186-4
_9500
021 _aRU
_b2017-27151
_92006
035 _a(NLR Aleph) 011386465
035 _a(RuMoRGB)008855963
090 _a11430383
_c11430383
100 _a20170517d2017 k y0rusy50 ca
101 0 _arus
_deng
_eeng
_feng
102 _aRU
105 _ay z 00zy
200 1 _aАдминистративно-правовые режимы в государственном управлении в Российской Федерации
_dAdministrative legal regimes in state management of the Russian Federation
_eтеория и современная практика
_eмонография
_f[Болтанова Е. С., доктор юридических наук, доцент, Здоровцева А. А., Золотова О. А., кандидаты юридических наук, доценты и др.]
_gответственный редактор доктор юридических наук, профессор, заслуженный деятель науки Российской Федерации А. Ф. Ноздрачев
_gИнститут законодательства и сравнительного правоведения при Правительстве Российской Федерации
_zeng
210 _aМосква
_cЮридическая фирма "Контракт"
_d2017
215 _a526, [1] с.
_d21
300 _aРез. на англ. яз.
320 _aБиблиогр. в подстроч. примеч.
510 1 _aAdministrative legal regimes in state managemtnt of the Russian Federation
_zeng
606 1 _aГосударственное управление
_xПравовое регулирование
_yРоссийская Федерация
_2nlr_sh1
_2nlr_sh2
_3RU\NLR\AUTH\661345743
686 _aХ621,0
_2rubbk
686 1 _aХ621
701 1 _aБолтанова
_bЕ. С.
_gЕлена Сергеевна
701 1 _aЗдоровцева
_bА. А.
_gАнна Аркадьевна
701 1 _aЗолотова
_bО. А.
_gОлеся Александровна
702 1 _aНоздрачев
_bА. Ф.
_gАлександр Филиппович
_4340
942 _cBOOK
980 _aNBR
980 _aNB